000
00231nam a2200097Ia 4500
001
1049154
005
20250826232308.0
008
250824s9999 xx 000 0 und d
245
0
_a
SESLER
_c
GAMZE TUNCEL
260
_b
MARTI YAYINCILIK
999
_c
1049154
_d
1049154